Vademékum podnikateľskej etiky

Bibliographic Details
Main Authors: Remišová, Anna, 1954- (Author), Lašáková, Anna, 1979- (Author)
Format: Article
Language:Slovak

MARC

LEADER 00000nab a2200000 a 4500
001 vtls011126597
003 SK-MaSNL
005 20260304030201.0
008 250310|2012 xo |||||||||||||||||slo|
015 |a SNBRB 
035 |a (uuid)bfda8204-d2f1-4801-a4db-ec6318cfe7cc 
035 |a (urnnbn)urn:nbn:sk:snk:ar-a09f33 
035 |a urn:nbn:sk:snk-aba3v9 
040 |a SNKBUCL  |b slo  |c SNKBUCL  |e AACR2 
041 0 |a slo 
044 |a xo  |c SK 
100 1 |a Remišová, Anna,  |d 1954-  |4 aut  |9 193951 
245 1 0 |a Vademékum podnikateľskej etiky  |c Anna Remišová, Anna Lašáková 
700 1 |a Lašáková, Anna,  |d 1979-  |4 aut  |9 209551 
773 0 |t Finančný manažér : štvrťročník Slovenskej asociácie podnikových finančníkov  |g Roč. 12, č. 2 (2012), s. 23-24 
958 |a OND 
958 |a EUIPO 
958 |a article13 
999 |c 2632286  |d 2634216